000 00677cam a22002533a 4500
001 32574
003 PGUSA
005 20140828083715.0
008 100528s2010||||xxu|||||s|||||000 1 eng d
040 _aPGUSA
_beng
042 _adc
050 4 _aPS
100 1 _aThompson, Don,
_d1935-1994
245 1 4 _aThe Telenizer
_h[electronic resource] /
_cDon Thompson
260 _bProject Gutenberg,
_c2010
506 _aPublic domain in the USA.
516 _aElectronic text
653 _aParapsychology -- Fiction
653 _aScience fiction
700 1 _aVidmer
830 0 _aProject Gutenberg
_v32574
856 4 0 _uhttp://www.gutenberg.org/ebooks/32574
942 _cEB
999 _c261829
_d261829